000 00678nam a2200229Ia 4500
003 OSt
005 20220926045227.0
006 a|||||r|||| 00| 0
007 ta
008 220923b |||||||| |||| 00| 0 eng d
037 _cGeneral Book
040 _aRTL
_cRTL
_beng
041 _2eng
_aeng
082 _aX9(F943):76.2.N69t, L3/GD
110 _aBombay, Vanaspati Industry
_9349945
245 0 _aReport on the cost structure of fair price payable at the Vanaspati Industry
260 _c1973
300 _a288p
_ccm.
700 _aBombay, Vanaspati Industry
_9349946
942 _hX9(F943):76.2.N69t, L3/GD
_cGB
_2CC
999 _c677017
_d677017